00282nam a2200109Ia 4500008004100000020001400041100002100055245002400076250001100100260004200111300001900153180219s9999 xx 000 0 und d a781761506 aMuscari, Mary E. aPediatric Nursing / a3rd ed aSan Juan CitybC & E publishingc2001 avii, 414 pages